| 000 | 00873nam0a22002291 4500 | ||
|---|---|---|---|
| 001 | rc\508831 | ||
| 005 | 20030616164823.0 | ||
| 035 | _a(NLR Aleph) 005749047 | ||
| 090 |
_a4819972 _c4819972 |
||
| 100 | _a20030616d1987 u |0rusy50 ca | ||
| 101 | 0 | _arus | |
| 102 | _aRU | ||
| 105 | _ay ||||||||| | ||
| 200 | 1 |
_aСовременный урок русского языка в национальной школе _eИз опыта работы _eПособие для учителя _e[Сб. ст.] _fСоставители С.А.Чехоева, Н.Г. Евланова |
|
| 210 |
_aЛ. _cПросвещение. Ленингр. отд-ние _d1987 |
||
| 215 |
_a238, [1] с. _d21 |
||
| 702 | 1 |
_aЧехоева _bС. А. _gСофья Асламбековна _4220 |
|
| 801 | 0 |
_aRU _bNLR _gpsbo |
|
| 801 | 1 |
_aRU _bELAR _2rusmarc |
|
| 852 |
_aNLR _j87-3/14075 |
||
| 942 | _cBOOK | ||
| 980 | _aNB | ||